| 000 | 00898nam a2200253 i 4500 | ||
|---|---|---|---|
| 001 | 181454 | ||
| 003 | ES-MaACL | ||
| 005 | 20250904234820.0 | ||
| 008 | 130117s2000 sp |||| | spa d | ||
| 020 | _a84-7651-878-1 | ||
| 080 | _a294.526.825 | ||
| 245 | 0 | 0 |
_aBhagavad Gîtâ _b= Cantar del glorioso señor / _ctraducción de Francesc Gutiérrez. |
| 246 | 3 |
_aBhagavadgita. _gEspañol |
|
| 246 | 3 | 1 | _aCantar del glorioso señor |
| 260 |
_aPalma de Mallorca : _bJosé J. de Olañeta, _c[2000] |
||
| 300 |
_a214 p. ; _c14 cm. |
||
| 490 | 1 |
_aLos pequeños libros de la sabiduría ; _v42 |
|
| 700 | 1 |
_aGutiérrez, Francesc. _9152084 |
|
| 830 | 0 |
_aLos pequeños libros de la sabiduría ; _v42 _9191474 |
|
| 852 |
_aES-MaACL _jA-12474 _9188355 _bR.147771 _cDEPO1 _dOlim: N-5480 |
||
| 903 |
_aVelasco, Miguel Ángel, _d1939- _ednr _9147298 |
||
| 942 |
_2udc _cMONOGRAFIA |
||
| 999 |
_c181454 _d181454 |
||